00880 2200301 4500035002000000001002100020005001700041006001900058007000300077008004100080856005900121020002300180040002000203082002000223084001800243090002200261100002000283245007400303250001200377260004100389300002300430504002800453650002800481650001100509700001800520999002000538999002000558 a0010-0122001344INLIS00000000068486520190118133933.0a g b 000 0 ta160624s2015 jki g b 000 0 ind  y http://opac.perpusnas.go.id/DetailOpac.aspx?id=949986 a 978-602-1279-26-7 a JKPNPNA b ind042 [22]a 658.72  a 658.72 RIN b a CB-D.9 2015-53600 a Rina Dewi Lina10a Beli mobil dengan gaji < Rp 5 juta / c Rina Dewi Lina, Erwin Faizal a Cet. 1 a Jakarta : b Penebar Plus+, c 2015 a 116 hlm. ; 23 cm. a Bibliografi : hlm. 114 4a Pembelian x Manajemen 4a Mobil0 a Erwin Faizal a 5360/DM/D/2015 a 5360/DM/D/2015